| 000 | 00658nam a22002057a 4500 | ||
|---|---|---|---|
| 999 |
_c22638 _d22638 |
||
| 003 | AR-CdUCM | ||
| 008 | 190427b ||||| |||| 00| 0 spa d | ||
| 020 | _a9786124641800 | ||
| 040 |
_aMUNICIPALIDAD PROVINCIAL DEL CUSCO _cBIBLIOTECA MUNICIPAL DEL CUSCO |
||
| 082 |
_a301.35098561/G25 _bG25 |
||
| 100 |
_aGarcía, José María _924396 |
||
| 245 |
_aCon las comunidades andinas del Ausangate / _cJosé María García |
||
| 260 |
_aLima : _bARS, _c2006. |
||
| 300 |
_a235 páginas: _bilustraciones ; _c21 cm. |
||
| 500 | _aTexto en idioma ingles. | ||
| 650 |
_aComunidades campesinas _92214 |
||
| 650 |
_aCusco _9772 |
||
| 942 |
_2ddc _cLIBROS |
||
| 945 | _arac | ||